000 00888 a2200229 4500
005 20260413124127.0
008 260413b |||||||| |||| 00| 0 eng d
020 _a9789383233588 (pbk)
037 _cTB
040 _aCRL
_cCRL
041 _2hin
_ahin
084 _aV2yN26 152R0
_qCRL
100 _aवाजपेयी, अटल बिहारी
_9864015
245 _aबिन्दु - बिन्दु विचार
260 _aनई दिल्ली, भारत:
_bकिताबघर प्रकाशन,
_c2020.
300 _a240पृ.
650 _aभारत इतिहास
650 _aअटल बिहारी वाजपेयी
_91234730
700 _aशर्मा, चंद्रिकाप्रसाद
_eसम्पादक
_91234731
942 _cTB
_2CC
_hV2yN26 152R0
999 _c1467546
_d1467546